| Tag |
First Indicator |
Second Indicator |
Subfields |
| LEADER |
00000cam a2200000Mi 4500 |
| 001 |
in00003556713 |
| 006 |
m o d |
| 007 |
cr mnu---uuaaa |
| 008 |
121227s1989 nyua o 000 0 eng |
| 005 |
20260420203953.2 |
| 020 |
|
|
|a 9781461236320 (electronic bk.)
|
| 020 |
|
|
|a 1461236320 (electronic bk.)
|
| 020 |
|
|
|z 9781461281863
|
| 020 |
|
|
|z 1461281865
|
| 035 |
|
|
|a (OCoLC)852792968
|
| 040 |
|
|
|a AU@
|b eng
|c AU@
|d OCLCO
|d OCLCQ
|d GW5XE
|d OCLCF
|d UtOrBLW
|
| 049 |
|
|
|a TXAM
|
| 050 |
|
4 |
|a TK1-9971
|
| 072 |
|
7 |
|a TJK
|2 bicssc
|
| 072 |
|
7 |
|a TEC041000
|2 bisacsh
|
| 082 |
0 |
4 |
|a 621.382
|2 23
|
| 100 |
1 |
|
|a Pillai, S. U.
|
| 245 |
1 |
0 |
|a Array Signal Processing /
|c edited by S. Uṇṇikrishṇa Pillai, C.S. Burrus.
|
| 264 |
|
1 |
|a New York, NY :
|b Springer New York,
|c 1989.
|
| 300 |
|
|
|a 1 online resource (xi, 221 pages 30 illustrations)
|
| 336 |
|
|
|a text
|b txt
|2 rdacontent
|
| 337 |
|
|
|a computer
|b c
|2 rdamedia
|
| 338 |
|
|
|a online resource
|b cr
|2 rdacarrier
|
| 490 |
1 |
|
|a Signal processing and digital filtering,
|x 1431-7893
|
| 505 |
0 |
|
|a Introduction -- Detection of Multiple Signals -- Performance Analysis -- Estimation of Multiple Signals -- Index.
|
| 520 |
|
|
|a This monograph is intended as an introduction to array signal processing. Array processing is a key feature of sonar, radar, and seismic signal processing. The primary emphasis here is to focus on the detection problem and the estimation problem from a signal processing viewpoint. The book can be used borh as a graduate textbook and as a reference book for engineers and researchers.
|
| 500 |
|
|
|a Electronic resource.
|
| 650 |
|
0 |
|a Engineering.
|
| 650 |
|
0 |
|a Telecommunication.
|
| 650 |
|
7 |
|a Engineering.
|2 fast
|0 (OCoLC)fst00910312
|
| 650 |
|
7 |
|a Telecommunication.
|2 fast
|0 (OCoLC)fst01145830
|
| 655 |
|
7 |
|a Electronic books.
|2 local
|
| 700 |
1 |
|
|a Burrus, C. S.
|
| 710 |
2 |
|
|a SpringerLink (Online service)
|
| 776 |
1 |
8 |
|i Print version:
|z 9781461281863
|
| 830 |
|
0 |
|a Signal processing and digital filtering.
|
| 856 |
4 |
0 |
|u http://proxy.library.tamu.edu/login?url=https://link.springer.com/10.1007/978-1-4612-3632-0
|z Connect to the full text of this electronic book
|t 0
|
| 994 |
|
|
|a 92
|b TXA
|
| 999 |
|
|
|a MARS
|
| 999 |
f |
f |
|s e4be4341-6799-33ab-90f2-8203d9ae0298
|i 20a83fb0-2c52-3430-a200-e98593c9d6a8
|t 0
|
| 952 |
f |
f |
|a Texas A&M University
|b College Station
|c Electronic Resources
|s www_evans
|d Available Online
|t 0
|e TK1-9971
|h Library of Congress classification
|
| 998 |
f |
f |
|a TK1-9971
|t 0
|l Available Online
|